| 000 | 00634cam a22002053a 4500 | ||
|---|---|---|---|
| 001 | 38821 | ||
| 003 | PGUSA | ||
| 005 | 20140828083845.0 | ||
| 008 | 120210s2012||||xxu|||||s|||||000 | eng d | ||
| 040 |
_aPGUSA _beng |
||
| 042 | _adc | ||
| 100 | 1 |
_aRiis, Jacob A. _q(Jacob August), _d1849-1914 |
|
| 245 | 1 | 2 |
_aA Ten Year War : _bAn Account of The Battle with The Slum in New York _h[electronic resource] / _cJacob A. Riis |
| 260 |
_bProject Gutenberg, _c2012 |
||
| 506 | _aPublic domain in the USA. | ||
| 516 | _aElectronic text | ||
| 830 | 0 |
_aProject Gutenberg _v38821 |
|
| 856 | 4 | 0 | _uhttp://www.gutenberg.org/ebooks/38821 |
| 942 | _cEB | ||
| 999 |
_c268075 _d268075 |
||